000 00533nam a22001577a 4500
005 20250904151443.0
008 250904b |||||||| |||| 00| 0 eng d
020 _a978-81-963443-0-6
041 _aeng
100 _aSINGH, DR RAMANDEEP . MEHRA, MEENAKSHI, JOSHI, SWETA AND KAKAR, DR.SATINDER
_98666
245 _aTEXTBOOK OF COMMUNITY PHARMACY AND MANAGEMENT : Exclusively prepared for D PHARMA [2ND YEAR STUDENTS]
260 _aDELHI
_bAITBS PUBLISHERS INDIA
_c2026
300 _a243;P
650 _aPHARMACY
942 _cBK
999 _c8795
_d8793